Statistics for Geographic facts that would be true if these places were official sovereign nations

Click here to take the quiz!

General Stats

  • This quiz has been taken 69 times
    (58 since last reset)
  • The average score is 13 of 23

Answer Stats

Clue Answer % Correct
The Dalai Lama would return to Potala PalaceTibet
92%
The bank that bears its name would still print money from EdinburghScotland
92%
It might rename itself the Republic Of UlsterNorthern Ireland
81%
Vancouver would be the second largest city in CanadaQuebec
79%
Spain would no longer border AndorraCatalonia
77%
Its football team still would not have qualified for the World Cup since 1958Wales
71%
It would be independent for the first time since 1846 and would be 4th largest Country in North AmericaTexas
69%
Its capital would not move and it would contain Hadrians Wall in it's entiretyEngland
69%
It would apply for UN membership under the name Sahrawi Arab Democratic RepublicWestern Sahara
69%
It would peplace it's neighbour Suriname as South America's smallest countryFrench Guiana
67%
It would be run from Parliament House in HobartTasmania
67%
It would be the 12th largest country by area in the worldGreenland
58%
It would include the 3 largest cities in what is currently the NetherlandsHolland
58%
It would reduce Georgia's coastline by over 50%Abkhazia
58%
It would account for nearly the whole southern border of Gulf Of AdenSomaliland
48%
The Roki Tunnel would be the only road connecting it to it's northern counterpart in the Russian FederationSouth Ossetia
44%
Moldova would control only one bank of the Dniestr riverTransnistria
42%
Queen Elizabeth II would no longer be it's head of state and New Zealand would no longer handle it's diplomatic relationsNiue
42%
Its anthem would be La Borinquena utilising the Taino name for the islandPuerto Rico
33%
Its capital would be translated literally into Orange TownAruba
27%
Its highest point would be Tai Mo ShanHong Kong
23%
It would be bordered along half of it's island by FranceSt Maarten
19%
It would be 640 miles away from any other countryBermuda
13%

Score Distribution

Percentile by Number Answered

Percent of People with Each Score

Your Score History

You have not taken this quiz since the last reset